000 00702nam a2200253Ia 4500
003 OSt
005 20220926015042.0
006 a|||||r|||| 00| 0
007 ta
008 220923b |||||||| |||| 00| 0 eng d
020 _a044401084X
037 _cGeneral Book
040 _aRTL
_cRTL
_beng
041 _2eng
_aeng
082 _aX:531, M7
100 _aSalvatore Dominick Ed.
_9248581
245 0 _aNew Protectionist threat to world welfare.
260 _aNew York
_bNorth Holland
_c1987
300 _axvi,581p
_ccm.
500 _aBibliography Chapterwise
650 _aProtection
942 _hX:531, M7
_cGB
_2CC
999 _c630472
_d630472